Shameless - Personnages principaux - Statistiques

Statistiques générales
  • Ce quiz a été pris 430 fois
  • Le résultat moyen est 9 sur 10
Statistiques - réponses
Par images Réponse % Correct
Fiona Gallagher
98%
Frank Gallagher
98%
Lip Gallagher
96%
Carl Gallagher
95%
Ian Gallagher
93%
Liam Gallagher
91%
Debbie Gallagher
87%
Veronica Fisher
87%
Kevin Ball
82%
Sheila Jackson
54%
Aucun quiz correspondant
Distribution des résultats
% des personnes avec chaque résultat
Percentile par nombre de réponses
Votre historique - résultats
Vous n’avez pas pris ce quiz